CROP IMPROVEMENT - II [ RABI CROPS] [ AS PER FIFTH DEAN'S COMMITTE SYLLABUS] (Record no. 9066)

MARC details
000 -LEADER
fixed length control field 00503nam a22001697a 4500
005 - DATE AND TIME OF LATEST TRANSACTION
control field 20260310155511.0
008 - FIXED-LENGTH DATA ELEMENTS--GENERAL INFORMATION
fixed length control field 260309b |||||||| |||| 00| 0 eng d
020 ## - INTERNATIONAL STANDARD BOOK NUMBER
ISBN 978-93-90611-15-7
041 ## - LANGUAGE CODE
Language code of text/sound track or separate title eng
082 ## - DEWEY DECIMAL CLASSIFICATION NUMBER
Classification number 631 RAV-C
100 ## - MAIN ENTRY--AUTHOR NAME
Personal name RAVAL, LATA J. AND HADAVANI, JANAKI K. & MEHTA, D.R.
245 ## - TITLE STATEMENT
Title CROP IMPROVEMENT - II [ RABI CROPS] [ AS PER FIFTH DEAN'S COMMITTE SYLLABUS]
260 ## - PUBLICATION, DISTRIBUTION, ETC. (IMPRINT)
Place of publication DELHI
Name of publisher JAYA PUBLISHING HOUSE
Year of publication 2021
300 ## - PHYSICAL DESCRIPTION
Number of Pages 222
650 ## - SUBJECT ADDED ENTRY--TOPICAL TERM
Topical Term AGRICULTURE
942 ## - ADDED ENTRY ELEMENTS (KOHA)
Koha item type Books
Holdings
Lost status Damaged status Collection code Home library Current library Shelving location Date acquired Source of acquisition Cost, normal purchase price Serial Enumeration / chronology Full call number Accession Number Koha item type
    AGRICULTURE JRU Library JRU Library NEW ARRIVAL SHELF 09/03/2026 PURCHASE 3195.00 LBI/000880 , DATE-6/03/2026 631 29320 Books